Vainqueur des masters 1000 tennis depuis 2010 - Statistiques

Statistiques générales
  • Ce quiz a été pris 506 fois
  • Le résultat moyen est 98 sur 111
Statistiques - réponses
année Tournois Vainqueur % Correct
2022 Rome Djokovic
99%
2021 Paris-Bercy Djokovic
99%
2020 Cincinnati Djokovic
99%
2020 Rome Djokovic
99%
2019 Madrid Djokovic
99%
2018 Shanghai Djokovic
99%
2018 Cincinnati Djokovic
99%
2016 Canada Djokovic
99%
2016 Madrid Djokovic
99%
2016 Miami Djokovic
99%
2016 Indian Wells Djokovic
99%
2015 Paris-Bercy Djokovic
99%
2015 Shanghai Djokovic
99%
2015 Rome Djokovic
99%
2015 Monte-Carlo Djokovic
99%
2015 Miami Djokovic
99%
2015 Indian Wells Djokovic
99%
2014 Paris-Bercy Djokovic
99%
2014 Rome Djokovic
99%
2014 Miami Djokovic
99%
2014 Indian Wells Djokovic
99%
2013 Paris-Bercy Djokovic
99%
2013 Shanghai Djokovic
99%
2013 Monte-Carlo Djokovic
99%
2012 Shanghai Djokovic
99%
2012 Canada Djokovic
99%
2012 Miami Djokovic
99%
2011 Canada Djokovic
99%
2011 Rome Djokovic
99%
2011 Madrid Djokovic
99%
2011 Miami Djokovic
99%
2011 Indian Wells Djokovic
99%
2019 Miami Federer
99%
2017 Shanghai Federer
99%
2017 Miami Federer
99%
2017 Indian Wells Federer
99%
2015 Cincinnati Federer
99%
2014 Shanghai Federer
99%
2014 Cincinnati Federer
99%
2012 Cincinnati Federer
99%
2012 Madrid Federer
99%
2012 Indian Wells Federer
99%
2011 Paris-Bercy Federer
99%
2010 Cincinnati Federer
99%
2021 Rome Nadal
99%
2019 Canada Nadal
99%
2019 Rome Nadal
99%
2018 Canada Nadal
99%
2018 Rome Nadal
99%
2018 Monte-Carlo Nadal
99%
2017 Madrid Nadal
99%
2017 Monte-Carlo Nadal
99%
2016 Monte-Carlo Nadal
99%
2014 Madrid Nadal
99%
2013 Cincinnati Nadal
99%
2013 Canada Nadal
99%
2013 Rome Nadal
99%
2013 Madrid Nadal
99%
2013 Indian Wells Nadal
99%
2012 Rome Nadal
99%
20122 Monte-Carlo Nadal
99%
2011 Monte-Carlo Nadal
99%
2010 Rome Nadal
99%
2010 Madrid Nadal
99%
2010 Monte-Carlo Nadal
99%
2023 Indian Wells Alcaraz
96%
2022 Madrid Alcaraz
96%
2022 Miami Alcaraz
96%
2023 Miami Medvedev
90%
2021 Canada Medvedev
90%
2020 Paris-Bercy Medvedev
90%
2019 Shanghai Medvedev
90%
2019 Cincinnati Medvedev
90%
2016 Paris-Bercy Murray
88%
2016 Shanghai Murray
88%
2016 Rome Murray
88%
2015 Canada Murray
88%
2015 Madrid Murray
88%
2013 Miami Murray
88%
2011 Shanghai Murray
88%
2011 Cincinnati Murray
88%
2010 Shanghai Murray
88%
2010 Canada Murray
88%
2021 Cincinnati Zverev
85%
2021 Madrid Zverev
85%
2018 Madrid Zverev
85%
2017 Canada Zverev
85%
2017 Rome Zverev
85%
2022 Paris-Bercy Rune
84%
2022 Monte-Carlo Tsitsipas
84%
2021 Monte-Carlo Tsitsipas
84%
2014 Canada Tsonga
84%
2014 Monte-Carlo Wawrinka
84%
2023 Monte-Carlo Rublev
78%
2019 Indian Wells Thiem
72%
2012 Paris-Bercy Ferrer
70%
2018 Indian Wells Del Potro
68%
2016 Cincinnati Cilic
65%
2022 Indian Wells Fritz
64%
2017 Cincinnati Dimitrov
59%
2018 Miami Isner
57%
2019 Monte-Carlo Fognini
50%
2021 Miami Hurkacz
48%
2018 Paris-Bercy Khachanov
48%
2021 Indian Wells Norrie
43%
2022 Canada Carreno Busta
41%
2022 Cincinnati Coric
39%
2010 Miami Roddick
39%
2017 Paris-Bercy Sock
38%
2010 Paris-Bercy Soderling
31%
2010 Indian Wells Ljubicic
12%
Aucun quiz correspondant
Distribution des résultats
% des personnes avec chaque résultat
Percentile par nombre de réponses
Votre historique - résultats
Vous n’avez pas pris ce quiz